Państwa, które odnotują największy wzrost populacji do 2070 r - Statystyki

Ogólne statystyki
  • Ten quiz został rozwiązany 156 razy
  • Średni wynik to 13 z 20
Statystyki odpowiedzi
% Państwa % Poprawnych
285 Niger
98%
202 Demokratyczna Republika Konga
81%
171 Czad
78%
127 Sudan
73%
128 Uganda
73%
180 Mali
71%
163 Tanzania
69%
175 Somalia
66%
149 Senegal
65%
134 Kamerun
64%
165 Republika Środkowoafrykańska
64%
168 Angola
63%
138 Zambia
62%
134 Wybrzeże KościSłoniowej
61%
142 Mauretania
57%
144 Mozambik
55%
149 Benin
52%
136 Burundi
50%
126 Malawi
47%
127 Vanuatu
8%
Nie znaleziono quizów pasujących do podanych kryteriów
Rozkład punktacji
Procent ludzi z każdym wynikiem
Percentyl według liczby udzielonych odpowiedzi
Twoja historia wyników
Nie rozwiązałeś tego quizu